English poems for all peoples : (Record no. 128513)

MARC details
000 -LEADER
fixed length control field 00799nam a22002417a 4500
005 - DATE AND TIME OF LATEST TRANSACTION
control field 20170124110040.0
010 ## - LIBRARY OF CONGRESS CONTROL NUMBER
LC control number 475735
020 ## - INTERNATIONAL STANDARD BOOK NUMBER
Terms of availability 00.00
035 ## - SYSTEM CONTROL NUMBER
System control number 475735
037 ## - SOURCE OF ACQUISITION
Source of stock number/acquisition Cen Lib/Ret
040 ## - CATALOGING SOURCE
Original cataloging agency DPL
Language of cataloging EN
082 ## - DEWEY DECIMAL CLASSIFICATION NUMBER
Classification number 881
Item number ENG
245 ## - TITLE STATEMENT
Title English poems for all peoples :
Statement of responsibility, etc compiled by Donald Mattam;illustrated by D.T.Samuel
Remainder of title an anthology for children studying english as a second language Book 1 /
260 ## - PUBLICATION, DISTRIBUTION, ETC. (IMPRINT)
Name of publisher, distributor, etc Pergamon Press
Date of publication, distribution, etc 1966
Place of publication, distribution, etc London
270 ## - ADDRESS
Address Headington Hill Hall,Oxford, 4 & 5 Fitzroy Square
300 ## - PHYSICAL DESCRIPTION
Extent xii,50p. :
Dimensions 18cm(Hb)
Other physical details ill.
500 ## - GENERAL NOTE
General note Includes index
650 ## - SUBJECT ADDED ENTRY--TOPICAL TERM
Topical term or geographic name as entry element Children's poetry
9 (RLIN) 23643
650 ## - SUBJECT ADDED ENTRY--TOPICAL TERM
Topical term or geographic name as entry element Poems for all.
9 (RLIN) 23644
700 ## - ADDED ENTRY--PERSONAL NAME
Personal name Mattam, Donald
9 (RLIN) 23645
700 ## - ADDED ENTRY--PERSONAL NAME
Personal name Samuel, D.T.
9 (RLIN) 23646
942 ## - ADDED ENTRY ELEMENTS (KOHA)
Source of classification or shelving scheme Dewey Decimal Classification
Koha item type English Books
Classification part 881
Call number suffix ENG
Holdings
Withdrawn status Lost status Damaged status Not for loan Home library Current library Date acquired Source of acquisition Cost, normal purchase price Total Checkouts Full call number Barcode Date last seen Copy number Cost, replacement price Price effective from Koha item type
        Central Library Central Library 02/07/2015 Cen Lib/Ret 0.00   881 ENG 475735 02/07/2015 1 0.00 02/07/2015 English Books

© Delhi Public Library
Hit Counter
free hit counter